Catálogo
Digital

Catálogo
Digital

Manta el sueño de un puerto (Record no. 14164)

MARC details
000 -CABECERA
campo de control de longitud fija 01099nam a2200301 4500
003 - IDENTIFICADOR DEL NÚMERO DE CONTROL
campo de control EC-UNACH
005 - FECHA Y HORA DE LA ÚLTIMA TRANSACCIÓN
campo de control 20251107182115.0
006 - CÓDIGOS DE INFORMACIÓN DE LONGITUD FIJA--CARACTERÍSTICAS DEL MATERIAL ADICIONAL
campo de control de longitud fija s||||gr|||| 00| 00
008 - DATOS DE LONGITUD FIJA--INFORMACIÓN GENERAL
campo de control de longitud fija 150116t9999 mx r gr 000 0 spa d
020 ## - NÚMERO INTERNACIONAL ESTÁNDAR DEL LIBRO
Número Internacional Estándar del Libro s/n
040 ## - FUENTE DE LA CATALOGACIÓN
Centro catalogador/agencia de origen EC-UNACH
Centro/agencia transcriptor EC-UNACH
041 ## - CÓDIGO DE LENGUA
Código de lengua del texto/banda sonora o título independiente spa
082 04 - NÚMERO DE LA CLASIFICACIÓN DECIMAL DEWEY
Número de edición 23
Número de clasificación 658.151.3
Número de documento/Ítem L017973
110 ## - ENTRADA PRINCIPAL--NOMBRE DE ENTIDAD CORPORATIVA
Nombre de entidad corporativa o nombre de jurisdicción como elemento de entrada Trama ediciones
245 ## - MENCIÓN DE TÍTULO
Título Manta el sueño de un puerto
250 ## - MENCIÓN DE EDICIÓN
Mención de edición Primera edición
264 ## - Producción, publicación, distribución, fabricación y copyright
Lugar de producción, publicación, distribución, fabricación Ecuador
Nombre del de productor, editor, distribuidor, fabricante Trama ediciones
Fecha de de producción, publicación, distribución, fabricación o copyright s/n
300 ## - DESCRIPCIÓN FÍSICA
Extensión 136
505 ## - NOTA DE CONTENIDO CON FORMATO
Nota de contenido con formato - Expectativas del tercer milenio - Fundación española de Manabí - La república de papel - El fin de aislamiento y bonanza exportadora - De caleta pesquera a ciudad - puerto - El progreso atraco junto a los muelles - El gran salto hacia el futuro - Los grandes desafíos.
650 ## - PUNTO DE ACCESO ADICIONAL DE MATERIA--TÉRMINO DE MATERIA
Término de materia o nombre geográfico como elemento inicial EXPECTATIVAS
650 ## - PUNTO DE ACCESO ADICIONAL DE MATERIA--TÉRMINO DE MATERIA
Término de materia o nombre geográfico como elemento inicial UN MOSAICO DE NACIONALIDADES
650 ## - PUNTO DE ACCESO ADICIONAL DE MATERIA--TÉRMINO DE MATERIA
Término de materia o nombre geográfico como elemento inicial FUNDACIÓN ESPAÑOLA DE MANABI
700 ## - PUNTO DE ACCESO ADICIONAL--NOMBRE DE PERSONA
Nombre de persona Ricardo de la Fuente / Teddy Andrade Vélez
942 ## - ELEMENTOS DE PUNTO DE ACCESO ADICIONAL (KOHA)
Fuente del sistema de clasificación o colocación Clasificación Decimal Dewey
Tipo de ítem Koha Libros
999 ## - NÚMEROS DE CONTROL DE SISTEMA (KOHA)
Koha biblionumber 14164
Holdings
Estado de pérdida Fuente del sistema de clasificación o colocación Estado dañado No para préstamo Localización permanente Ubicación/localización actual Ubicación en estantería Fecha de adquisición Fuente de adquisición Número de inventario Total de préstamos Signatura topográfica completa Código de barras Fecha visto por última vez Precio válido a partir de Tipo de ítem Koha Centro de costos
  Clasificación Decimal Dewey     Biblioteca Campus Norte Biblioteca Campus Norte Turismo 07/11/2025 Transitoria segunda Resolución N°0311-CU-UNACH-SE-ORD-16-09-24 39932928   658.151.3 COM L017973 L017973 07/11/2025 07/11/2025 Libros  

Powered by Koha